AFI's 25 Greatest Film Star Legends (Female) - Statistics

General Stats
  • This quiz has been taken 100 times
  • The average score is 18 of 25
Answer Stats
Picture Answer % Correct
Marilyn Monroe
100%
Audrey Hepburn
98%
Katharine Hepburn
98%
Elizabeth Taylor
96%
Judy Garland
96%
Grace Kelly
89%
Bette Davis
88%
Vivien Leigh
85%
Shirley Temple
83%
Lauren Bacall
81%
Marlene Dietrich
75%
Joan Crawford
74%
Ingrid Bergman
73%
Greta Garbo
68%
Sophia Loren
65%
Claudette Colbert
61%
Ava Gardner
58%
Rita Hayworth
58%
Mary Pickford
55%
Mae West
51%
Ginger Rogers
46%
Barbara Stanwyck
43%
Jean Harlow
40%
Lillian Gish
37%
Carole Lombard
31%
No matching quizzes found
Score Distribution
Percent of People with Each Score
Percentile by Number Answered
Your Score History
You have not taken this quiz